Statistics for The Tangled Quiz

Click here to take the quiz!

General Stats

  • This quiz has been taken 3,334 times
    (3,317 since last reset)
  • The average score is 12 of 15

Answer Stats

QuestionAnswer% Correct
What color are Rapunzel's eyes?Green
97%
What color did Rapunzel's hair turn after it was cut?Brown
93%
What kind of animal is Maximus?Horse
93%
Where did the magic in Rapunzel's hair come from?The magic golden flower
89%
What did Flynn steal in the beginning of the movie?Rapunzel's crown
88%
How old was Rapunzel when she left her tower?17
87%
What healed Flynn after Rapunzel's hair was cut?Rapunzel's tear
87%
What is Flynn Rider's real name?Eugene Fitzherbert
84%
What were the "floating lights" that Rapunzel wanted to see?Lanterns
84%
What cut Rapunzel's hair?Mirror shard
83%
What did Rapunzel use as a weapon?Frying pan
81%
What is the name of Rapunzel's chameleon?Pascal
77%
Who is the main antagonist of the movie?Mother Gothel
74%
What is the opening line of the movie?"This is the story of how I died."
32%
What are the brothers that Flynn worked with in the beginning of the movie known as?The Stabbington brothers
22%

Score Distribution

Percentile by Number Answered

Percent of People with Each Score

Your Score History

You have not taken this quiz since the last reset